Actos de habla: ensayo de filosofía del lenguaje

Kaydedildi:
Detaylı Bibliyografya
Yazar: Searle, John R (Yazar)
Materyal Türü: Kitap
Dil:İspanyolca
Baskı/Yayın Bilgisi: Madrid Cátedra 1994
Edisyon:4a. ed
Seri Bilgileri:Colección Teorema. Serie Mayor
Konular:
Etiketler: Etiketle
Etiket eklenmemiş, İlk siz ekleyin!

MARC

LEADER 00000nam a2200000 a 4500
001 UCO2967
003 CL-VaPUC
008 000610e19940000SP |||||||||||||||||spa|d
082 0 4 |a 401  |b SEA  |2 21 
100 0 |a Searle, John R  |e author  |9 446753 
245 1 0 |a Actos de habla: ensayo de filosofía del lenguaje 
250 |a 4a. ed 
300 |a 201 p 
942 |c BK 
945 |d 20000610 00:00:00  |a rbrito 
260 |a Madrid  |b Cátedra  |c 1994 
650 0 |a Filosofía del lenguaje  |9 257082 
583 |a last modification  |c 20000610 00:00:00  |k Rodrigo Vera 
490 0 |a Colección Teorema. Serie Mayor 
999 |c 289455  |d 289453 
952 |0 0  |1 0  |4 0  |6 401_000000000000000_SEA_1994  |7 0  |8 A  |9 337859  |a FDOPOS  |b BIBEDU  |d 2019-11-20  |i 3626237  |l 1  |o 401 SEA 1994  |p 3626237  |r 2025-01-22  |s 2023-04-27  |w 2019-11-20  |y BK  |k MLA 
952 |0 0  |1 0  |4 0  |6 401_000000000000000_SEA_1994  |7 0  |8 A  |9 337860  |a FDOPOS  |b BIBEDU  |d 2019-11-20  |i 3701050  |l 2  |m 4  |o 401 SEA 1994  |p 3701050  |q 2025-05-12  |r 2025-04-21  |s 2025-04-21  |w 2019-11-20  |y BK  |k MLA 
952 |0 0  |1 0  |4 0  |6 401_000000000000000_SEA_1994  |7 0  |8 A  |9 337861  |a FDOPOS  |b FDOPOS  |d 2019-11-20  |i 3719766  |o 401 SEA 1994  |p 3719766  |r 2025-01-22  |w 2019-11-20  |y BK  |k MLA